The high cost of tainted advice. (Record no. 60633)

MARC details
000 -LEADER
fixed length control field 00948cam a2200193 4500
001 - CONTROL NUMBER
control field ABS60955
008 - FIXED-LENGTH DATA ELEMENTS--GENERAL INFORMATION
fixed length control field 000000n1999 000 0 eng u
035 ## - SYSTEM CONTROL NUMBER
System control number (Sirsi) u101501
100 ## - MAIN ENTRY--PERSONAL NAME
Personal name Moore, L.
245 #4 - TITLE STATEMENT
Title The high cost of tainted advice.
260 ## - PUBLICATION, DISTRIBUTION, ETC.
Date of publication, distribution, etc. 1999
490 ## - SERIES STATEMENT
Series statement Property Week
Volume/sequential designation 64(27) 9 July 1999, 32-33(2)
520 ## - SUMMARY, ETC.
Summary, etc. Examines the implications of the case Urban Regeneration Agency (English Partnerships) v Mott MacDonald Group Ltd and others, where the defendants were found to have fallen short of a reasonable standard in acting as an environmental consultant on a reclamation and redevelopment scheme. Emphasises the importance of clarity when instructions are given to such consultants, and the need for consultants to be clear when giving advice and reporting findings.
650 ## - SUBJECT ADDED ENTRY--TOPICAL TERM
Topical term or geographic name entry element REGENERATION
650 ## - SUBJECT ADDED ENTRY--TOPICAL TERM
Topical term or geographic name entry element REDEVELOPMENT
650 ## - SUBJECT ADDED ENTRY--TOPICAL TERM
Topical term or geographic name entry element RECLAMATION
690 ## - LOCAL SUBJECT ADDED ENTRY--TOPICAL TERM (OCLC, RLIN)
Topical term or geographic name as entry element ENVIRONMENTAL AND LAND CONSULTANCY
942 ## - ADDED ENTRY ELEMENTS (KOHA)
Suppress in OPAC 0
Holdings
Withdrawn status Lost status Source of classification or shelving scheme Damaged status Not for loan Home library Current library Shelving location Date acquired Total Checkouts Full call number Barcode Date last seen Copy number Price effective from Koha item type
    Dewey Decimal Classification     London London Journal article 05/11/1999   ABS60955 101501-1001 06/08/2019 1 06/08/2019 Journal article